| 000 | 01040nam0a2200289 4500 | ||
|---|---|---|---|
| 001 | RU\NLR\ONL2\6758 | ||
| 005 | 20260406141704.0 | ||
| 035 | _a(NLR Aleph) 009654353 | ||
| 090 |
_a9583591 _c9583591 |
||
| 100 | _a20070303d1936 |||y0rusy50 ca | ||
| 101 | 0 | _asho | |
| 102 | _aRU | ||
| 105 | _ac ||||||||| | ||
| 200 | 1 |
_aParcьnsojustan pastap cььlьs istegen staxanovtar sovescanijezinde erbektegen erbegi _fIosif Stalin |
|
| 210 |
_aNovosibirsk _cOGIZ _d1936 |
||
| 215 |
_a20 c. _cпортр. _d22 |
||
| 541 | 1 |
_6z01790 _aРечь на Первом Всесоюзном совещании стахановцев _zrus |
|
| 686 | 1 | _aФ61(2)43 | |
| 686 | 1 | _aУ9(2)30 | |
| 700 | 1 |
_4070 _8rus _7ba _aStalin _bI. V. _f1879-1953 _gIosif Vissarionovič _3RU\NLR\auth\773465 _9113461 |
|
| 790 | 1 |
_8rus _7ca _aСталин _bИ. В. _f1879-1953 _gИосиф Виссарионович _3RU\NLR\auth\773464 _9113460 |
|
| 801 | 0 |
_aRU _bNLR _c20070303 _gPSBO |
|
| 852 |
_aNLR _bОНЛ _jШор./3-88 |
||
| 942 | _cBOOK | ||
| 980 | _aNB | ||
| 980 | _aONL_RF | ||